[Event "Druga liga CS - Zapad 2018"]
[Site "?"]
[Date "2018.09.07"]
[Round "1.1"]
[White "Stojanovic, Marko"]
[Black "Kolognat, Petar"]
[Result "0-1"]
[WhiteElo "2263"]
[BlackElo "2329"]
[PlyCount "92"]
[EventDate "2018.09.07"]
[WhiteTeam "SLOGA - Lipnicki sor"]
[BlackTeam "KRUPANJSKI SK - Krupanj"]

1. e4 c5 2. Nf3 e6 3. d4 cxd4 4. Nxd4 Nf6 5. Nc3 d6 6. Be3 a6 7. a4 b6 8. Bd3
Be7 9. O-O O-O 10. f4 Qc7 11. Qf3 Nbd7 12. Nb3 Bb7 13. Rae1 d5 14. exd5 Nxd5
15. Nxd5 Bxd5 16. Qh3 Nf6 17. Bd4 h6 18. Be5 Qc8 19. Nd2 Nd7 20. Bc3 f5 21. Kh1
Qc6 22. Qg3 Rf7 23. Be2 Bf6 24. Bh5 g6 25. Bf3 Bxc3 26. bxc3 Kh7 27. Bxd5 Qxd5
28. Nb3 Nf6 29. Qe3 Ne4 30. Qxb6 Rc8 31. Rd1 Qc4 32. Rd3 Nxc3 33. Nd2 Qc6 34.
Rd6 Qxb6 35. Rxb6 Nxa4 36. Rxa6 Rxc2 37. Nf3 Nc5 38. Rc6 Rc3 39. Re1 Re7 40.
Nd4 Kg7 41. h4 Kf6 42. Nxe6 Ne4 43. Rxc3 Nxc3 44. Re3 Nd5 45. Re5 Nxf4 46. Nxf4
Rxe5 0-1

[Event "Druga liga CS - Zapad 2018"]
[Site "?"]
[Date "2018.09.07"]
[Round "1.1"]
[White "Begus, Drasko"]
[Black "Ilic, Zdravko"]
[Result "1-0"]
[WhiteElo "2269"]
[BlackElo "2163"]
[PlyCount "89"]
[EventDate "2018.09.07"]
[WhiteTeam "KRUPANJSKI SK - Krupanj"]
[BlackTeam "SLOGA - Lipnicki sor"]

1. d4 Nf6 2. g3 g6 3. Bg2 Bg7 4. e4 d6 5. Nc3 O-O 6. Nge2 c6 7. a4 Nbd7 8. h3
Qc7 9. O-O e5 10. Be3 Re8 11. f4 exd4 12. Bxd4 a6 13. g4 b6 14. g5 Nh5 15. Bxg7
Nxg7 16. Qd2 Nc5 17. Rad1 Nb7 18. Ng3 b5 19. Qf2 b4 20. Nce2 Rb8 21. b3 c5 22.
f5 Nd8 23. Nf4 Bb7 24. Qd2 Re5 25. Qxd6 Qxd6 26. Rxd6 gxf5 27. Nd3 Re6 28. Rxe6
Ndxe6 29. exf5 Bxg2 30. Kxg2 Nd4 31. Nxc5 Nxc2 32. Rf4 a5 33. Nd7 Rd8 34. Nf6+
Kf8 35. Nxh7+ Kg8 36. Nf6+ Kf8 37. h4 Rd2+ 38. Kh3 Rd3 39. h5 Nd4 40. Kg4 Nxh5
41. Ngxh5 Nxb3 42. g6 fxg6 43. fxg6 Rd8 44. g7+ Ke7 45. Ne8 1-0

[Event "Druga liga CS - Zapad 2018"]
[Site "?"]
[Date "2018.09.07"]
[Round "1.1"]
[White "Savic, Petar A"]
[Black "Ljubinkovic, Miodrag"]
[Result "0-1"]
[WhiteElo "2104"]
[BlackElo "2222"]
[PlyCount "78"]
[EventDate "2018.09.07"]
[WhiteTeam "SLOGA - Lipnicki sor"]
[BlackTeam "KRUPANJSKI SK - Krupanj"]

1. c4 c6 2. d4 d5 3. e3 Nf6 4. Bd3 e6 5. Nf3 Nbd7 6. Nc3 Bd6 7. Qe2 O-O 8. O-O
e5 9. dxe5 Nxe5 10. Nxe5 Bxe5 11. cxd5 cxd5 12. h3 a6 13. Rd1 Qe7 14. Bd2 Bd7
15. Be1 Bc6 16. Rac1 Rfe8 17. Qc2 h6 18. Bf5 Rad8 19. Ne2 g6 20. Bd3 Bb8 21.
Nd4 Bd7 22. Qb3 Bc8 23. Bb4 Qe5 24. Nf3 Qh5 25. Be2 Bxh3 26. Ba5 Rd7 27. gxh3
Qxh3 28. Rd4 Ng4 29. Rxg4 Qxg4+ 30. Kf1 Qh3+ 31. Ke1 d4 32. e4 d3 33. Nd2 Qh1+
34. Bf1 Rxe4+ 35. Nxe4 Qxe4+ 36. Kd1 Qf3+ 37. Kd2 Bf4+ 38. Kc3 d2+ 39. Kb4
Qxb3+ 0-1

[Event "Druga liga CS - Zapad 2018"]
[Site "?"]
[Date "2018.09.07"]
[Round "1.1"]
[White "Djuric, Zoran"]
[Black "Rikalovic, Milan"]
[Result "1-0"]
[WhiteElo "2248"]
[BlackElo "2047"]
[PlyCount "99"]
[EventDate "2018.09.07"]
[WhiteTeam "KRUPANJSKI SK - Krupanj"]
[BlackTeam "SLOGA - Lipnicki sor"]

1. e4 e6 2. Nc3 d5 3. Nf3 Bb4 4. a3 Bxc3 5. dxc3 dxe4 6. Qxd8+ Kxd8 7. Ng5 Ke7
8. Nxe4 b6 9. Bg5+ f6 10. Be3 Bb7 11. Ng3 Nd7 12. f3 h5 13. h4 g6 14. O-O-O Nh6
15. Bb5 Rad8 16. Rhe1 Nf5 17. Nxf5+ gxf5 18. Rd2 Ne5 19. Rxd8 Rxd8 20. Bf4 c6
21. Bf1 Ng6 22. Bg3 f4 23. Bf2 f5 24. a4 Kf6 25. a5 c5 26. axb6 axb6 27. b4
cxb4 28. Bxb6 Ra8 29. cxb4 Rc8 30. Bf2 Bd5 31. Kb2 e5 32. Ra1 e4 33. Ra6+ Kf7
34. Ra7+ Ke6 35. fxe4 fxe4 36. g3 Rb8 37. gxf4 Rxb4+ 38. Kc3 Rb7 39. Ra6+ Kf7
40. f5 Ne7 41. Kd4 Rb1 42. Be2 Bb7 43. Bc4+ Kf8 44. Rf6+ Ke8 45. Rf7 Nc6+ 46.
Ke3 Ne5 47. Rc7 Bd5 48. Kd4 Bxc4 49. Kxe5 Bf7 50. Kf6 1-0

[Event "Druga liga CS - Zapad 2018"]
[Site "?"]
[Date "2018.09.07"]
[Round "1.1"]
[White "Jakovljevic, Ljubomir"]
[Black "Isailovic, Goran"]
[Result "0-1"]
[WhiteElo "1905"]
[BlackElo "2189"]
[PlyCount "54"]
[EventDate "2018.09.07"]
[WhiteTeam "SLOGA - Lipnicki sor"]
[BlackTeam "KRUPANJSKI SK - Krupanj"]

1. e4 e5 2. Nf3 Nc6 3. Nc3 Be7 4. d4 exd4 5. Nxd4 d6 6. Bb5 Bd7 7. O-O Nf6 8.
Nxc6 Bxc6 9. Bxc6+ bxc6 10. Be3 O-O 11. Qd3 Ng4 12. Bd4 c5 13. Be3 Rb8 14. Rab1
Bf6 15. Bf4 Re8 16. Rfe1 Bd4 17. Bg3 Qf6 18. Qf3 Qg6 19. Na4 Re6 20. h3 Nxf2
21. Kh2 Nxe4 22. c3 Bf6 23. Bf4 Rbe8 24. Rbd1 Bh4 25. Rf1 Rf6 26. Qg4 Qxg4 27.
hxg4 Rxf4 0-1

[Event "Druga liga CS - Zapad 2018"]
[Site "?"]
[Date "2018.09.07"]
[Round "1.1"]
[White "Nedeljkovic, Milivoje"]
[Black "Acimovic, Radivoje"]
[Result "0-1"]
[WhiteElo "2027"]
[BlackElo "1985"]
[PlyCount "70"]
[EventDate "2018.09.07"]
[WhiteTeam "KRUPANJSKI SK - Krupanj"]
[BlackTeam "SLOGA - Lipnicki sor"]

1. e4 c5 2. c3 Nf6 3. e5 Nd5 4. Nf3 Nc6 5. d4 cxd4 6. Bc4 Nb6 7. Bb3 dxc3 8.
Nxc3 g6 9. Bf4 Bg7 10. h4 Na5 11. Bxf7+ Kxf7 12. Nb5 Rf8 13. Nc7 Kg8 14. Rc1
Rxf4 15. Ne6 Re4+ 16. Kf1 Qe8 17. Nc7 Qf8 18. Nxa8 Rc4 19. Nxb6 Rxc1 20. Qxc1
axb6 21. h5 Nc6 22. hxg6 hxg6 23. Qc4+ Qf7 24. Qb5 Qxa2 25. g3 Qa6 26. Qe2 Nxe5
27. Nxe5 Bxe5 28. b4 Qxe2+ 29. Kxe2 d5 30. f4 Bd6 31. Rb1 Kf7 32. Ke3 Bf5 33.
Rb2 e5 34. fxe5 Bxe5 35. Rd2 Ke6 0-1

[Event "Druga liga CS - Zapad 2018"]
[Site "?"]
[Date "2018.09.07"]
[Round "1.1"]
[White "Glisic, Luka"]
[Black "Radovanovic, Zoran S"]
[Result "0-1"]
[WhiteElo "1435"]
[BlackElo "1919"]
[PlyCount "52"]
[EventDate "2018.09.07"]
[WhiteTeam "SLOGA - Lipnicki sor"]
[BlackTeam "KRUPANJSKI SK - Krupanj"]

1. d4 Nf6 2. c4 c5 3. e3 e6 4. Nf3 d5 5. Nc3 Nc6 6. Be2 dxc4 7. Bxc4 cxd4 8.
Nxd4 Bb4 9. Qa4 Bxc3+ 10. bxc3 Bd7 11. Bb5 Ne5 12. O-O O-O 13. Ba3 Re8 14. Rfd1
a6 15. Bxd7 Qxd7 16. Qxd7 Nexd7 17. f3 Nd5 18. e4 Nxc3 19. Rd3 Rac8 20. Bb4 Na4
21. f4 Nf6 22. e5 Nd5 23. Bd2 Nc5 24. Rf3 Ne4 25. Rd3 Rc4 26. Bc1 Ndc3 0-1

[Event "Druga liga CS - Zapad 2018"]
[Site "?"]
[Date "2018.09.07"]
[Round "1.2"]
[White "Tomic, Aleksandar"]
[Black "Jovanovic, Bojan V"]
[Result "0-1"]
[WhiteElo "2293"]
[BlackElo "2277"]
[PlyCount "110"]
[EventDate "2018.09.07"]
[WhiteTeam "ARANDJELOVACKI SK - Arandjelovac"]
[BlackTeam "SMEDEREVSKI SK - Smederevo"]

1. d4 e6 2. Nf3 Nf6 3. Bf4 b6 4. e3 Bb7 5. Bd3 Be7 6. h3 O-O 7. O-O Ne4 8. c4
f5 9. Bh2 Bf6 10. Nc3 Nxc3 11. bxc3 Nc6 12. c5 Ne7 13. Rb1 Ng6 14. a4 Bc6 15.
Bb5 Be4 16. cxb6 axb6 17. Ra1 Nh4 18. Ne1 Ra5 19. f3 Bb7 20. Nd3 c6 21. Bc4 d5
22. Bb3 Ba6 23. Re1 Bxd3 24. Qxd3 Qe8 25. e4 Qg6 26. Re2 fxe4 27. fxe4 Ra7 28.
Qg3 Bg5 29. Bc2 Qh6 30. Qd3 Raf7 31. Bd6 Rd8 32. Bg3 dxe4 33. Rxe4 Nf5 34. Rae1
Nxg3 35. Qxg3 Rdf8 36. Bb3 Kh8 37. Rxe6 Bh4 38. Qg4 Bf2+ 39. Kh1 g6 40. Rd1 Rf4
41. Qe2 Bg3 42. Bc4 Rf2 43. Qe3 Qh4 44. Re8 Kg7 45. Re7+ Kh8 46. Re8 Kg7 47.
Re7+ Kh8 48. Re8 Kg7 49. Qe6 Qg5 50. Rxf8 Rxf8 51. Qxc6 Bb8 52. Qd7+ Kh8 53.
Qg4 Qe3 54. Bd3 Qxd3 55. Rg1 Qxc3 0-1

[Event "Druga liga CS - Zapad 2018"]
[Site "?"]
[Date "2018.09.07"]
[Round "1.2"]
[White "Skakic, Zeljko"]
[Black "Brkljaca, Ante"]
[Result "1/2-1/2"]
[WhiteElo "2249"]
[BlackElo "2280"]
[PlyCount "25"]
[EventDate "2018.09.07"]
[WhiteTeam "SMEDEREVSKI SK - Smederevo"]
[BlackTeam "ARANDJELOVACKI SK - Arandjelovac"]

1. d4 Nf6 2. c4 e6 3. Nc3 Bb4 4. Qc2 c5 5. dxc5 Na6 6. a3 Bxc3+ 7. Qxc3 Nxc5 8.
b4 Na4 9. Qc2 b5 10. cxb5 Nb6 11. Nf3 Bb7 12. e3 Rc8 13. Qd1 1/2-1/2

[Event "Druga liga CS - Zapad 2018"]
[Site "?"]
[Date "2018.09.07"]
[Round "1.2"]
[White "Vlajkovic, Stanko"]
[Black "Stankovic, Dragan B"]
[Result "0-1"]
[WhiteElo "2224"]
[BlackElo "2229"]
[PlyCount "80"]
[EventDate "2018.09.07"]
[WhiteTeam "ARANDJELOVACKI SK - Arandjelovac"]
[BlackTeam "SMEDEREVSKI SK - Smederevo"]

1. d4 Nf6 2. Nf3 c5 3. d5 e6 4. c4 exd5 5. cxd5 d6 6. Nc3 g6 7. g3 Bg7 8. Bg2
O-O 9. O-O a6 10. a4 Re8 11. Nd2 Nbd7 12. h3 Rb8 13. Nc4 Ne5 14. Nxe5 Rxe5 15.
Qd3 b5 16. axb5 axb5 17. Bf4 c4 18. Qd4 Re8 19. Qd2 b4 20. Na4 Ne4 21. Qc2 g5
22. Bc1 Bf5 23. Qxc4 Qd7 24. g4 Bg6 25. Be3 Rec8 26. Qb3 Qe7 27. Rfc1 Nc3 28.
bxc3 bxc3 29. Nb6 Rc7 30. Ra8 Rxa8 31. Nxa8 Rc8 32. Nb6 Rc7 33. Nc4 Rb7 34. Qa3
c2 35. Qa8+ Bf8 36. Bf3 Rb1 37. Kg2 Qxe3 38. Nxe3 Rxc1 39. Nxc2 Rxc2 40. Qa7
Rc8 0-1

[Event "Druga liga CS - Zapad 2018"]
[Site "?"]
[Date "2018.09.07"]
[Round "1.2"]
[White "Mikluc, Davorin"]
[Black "Cirakovic, Ivan"]
[Result "1/2-1/2"]
[WhiteElo "2154"]
[BlackElo "2157"]
[PlyCount "67"]
[EventDate "2018.09.07"]
[WhiteTeam "SMEDEREVSKI SK - Smederevo"]
[BlackTeam "ARANDJELOVACKI SK - Arandjelovac"]

1. e4 c5 2. Nf3 Nc6 3. d4 cxd4 4. Nxd4 g6 5. Nxc6 bxc6 6. Qd4 Nf6 7. e5 Nd5 8.
e6 Rg8 9. exf7+ Kxf7 10. Bd3 e6 11. h4 Bg7 12. Qg4 Nf6 13. Qe2 e5 14. c3 e4 15.
Ba6 d5 16. Bxc8 Qxc8 17. Nd2 Qg4 18. Qxg4 Nxg4 19. Nb3 a5 20. Be3 a4 21. Nd4 c5
22. Ne2 Nxe3 23. fxe3 Be5 24. O-O-O Ke6 25. Kc2 Rgc8 26. h5 Rf8 27. hxg6 Rf2
28. Rd2 hxg6 29. Nd4+ cxd4 30. Rxf2 dxe3 31. Re2 d4 32. cxd4 Bxd4 33. Rd1 Rc8+
34. Kb1 1/2-1/2

[Event "Druga liga CS - Zapad 2018"]
[Site "?"]
[Date "2018.09.07"]
[Round "1.2"]
[White "Lekic, Miodrag"]
[Black "Strakos, Dalibor"]
[Result "1/2-1/2"]
[WhiteElo "2208"]
[BlackElo "2193"]
[PlyCount "58"]
[EventDate "2018.09.07"]
[WhiteTeam "ARANDJELOVACKI SK - Arandjelovac"]
[BlackTeam "SMEDEREVSKI SK - Smederevo"]

1. d4 d5 2. Nf3 c6 3. Bf4 Bf5 4. e3 e6 5. c4 Nf6 6. Nc3 Nbd7 7. Qb3 Qb6 8. c5
Qxb3 9. axb3 Be7 10. b4 a6 11. b5 cxb5 12. Nxb5 O-O 13. Nd6 Bxd6 14. Bxd6 Rfe8
15. Ne5 Nxe5 16. Bxe5 Nd7 17. Bd6 Rac8 18. Kd2 e5 19. Ra3 exd4 20. exd4 Re4 21.
Rf3 Bg6 22. Rf4 Re6 23. Be2 Nf6 24. Bf3 Be4 25. Bg4 Nxg4 26. Rxg4 Rce8 27. Re1
Bf5 28. Rxe6 Bxe6 29. Rg3 Bd7 1/2-1/2

[Event "Druga liga CS - Zapad 2018"]
[Site "?"]
[Date "2018.09.07"]
[Round "1.2"]
[White "Tomic, Slobodan"]
[Black "Ivanovic, Lazar"]
[Result "1/2-1/2"]
[WhiteElo "1964"]
[BlackElo "2076"]
[PlyCount "112"]
[EventDate "2018.09.07"]
[WhiteTeam "SMEDEREVSKI SK - Smederevo"]
[BlackTeam "ARANDJELOVACKI SK - Arandjelovac"]

1. Nf3 Nf6 2. c4 c5 3. d4 cxd4 4. Nxd4 Nc6 5. Nc3 g6 6. e4 Bg7 7. Be3 Ng4 8.
Qxg4 Nxd4 9. Qd1 Ne6 10. Qd2 Qa5 11. Rc1 b6 12. b3 Bb7 13. Nd5 Qxd2+ 14. Bxd2
Rc8 15. Be2 Nd4 16. f3 f5 17. Bd3 e6 18. Nc3 O-O 19. O-O a6 20. Rfe1 d6 21. Be3
Rf7 22. Ne2 e5 23. exf5 Nxf5 24. Bxf5 gxf5 25. Bxb6 d5 26. cxd5 Rxc1 27. Rxc1
Bxd5 28. Rc8+ Rf8 29. Rc5 Bf7 30. Bc7 Re8 31. Bd6 Re6 32. Rc8+ Be8 33. Bc5 Kf7
34. Kf2 Rc6 35. Rxc6 Bxc6 36. g3 Ke6 37. Bb4 Bf6 38. f4 Bd8 39. Bd2 Bb6+ 40.
Be3 Bc7 41. a3 Bd6 42. fxe5 Bxe5 43. Bd4 Bd6 44. Nf4+ Bxf4 45. gxf4 Kd5 46. Ke3
Bb5 47. a4 Be8 48. Be5 Bh5 49. b4 Be8 50. a5 Bb5 51. Kf3 Kc4 52. Bd6 Kd5 53.
Bc5 Bc4 54. Ke3 Bb5 55. Kf3 Bc4 56. Ke3 Bb5 1/2-1/2

[Event "Druga liga CS - Zapad 2018"]
[Site "?"]
[Date "2018.09.07"]
[Round "1.2"]
[White "Lojovic, Matija"]
[Black "Isak, Igor G"]
[Result "1-0"]
[WhiteElo "2129"]
[BlackElo "2004"]
[PlyCount "71"]
[EventDate "2018.09.07"]
[WhiteTeam "ARANDJELOVACKI SK - Arandjelovac"]
[BlackTeam "SMEDEREVSKI SK - Smederevo"]

1. d4 Nf6 2. Nf3 g6 3. Bf4 Bg7 4. e3 Nh5 5. Bg5 h6 6. Bh4 g5 7. Ne5 Nf6 8. Bg3
d6 9. Nf3 Bg4 10. h3 Bh5 11. Nbd2 Nbd7 12. c3 e5 13. dxe5 dxe5 14. Qa4 O-O 15.
Nxe5 Re8 16. Nxd7 Nxd7 17. Be2 Bxe2 18. Kxe2 Nc5 19. Qc4 Qe7 20. Rhd1 b5 21.
Qg4 Na4 22. Rab1 c5 23. Kf1 Rad8 24. Nb3 Rxd1+ 25. Rxd1 Nxb2 26. Rd7 Qf6 27.
Nxc5 Qxc3 28. Qf5 Qc1+ 29. Ke2 Qc4+ 30. Kf3 Rc8 31. Rd5 Re8 32. Ne4 Qc6 33. Rc5
Qa8 34. Rc7 Rf8 35. Bd6 Qd8 36. Rd7 1-0

[Event "Druga liga CS - Zapad 2018"]
[Site "?"]
[Date "2018.09.07"]
[Round "1.2"]
[White "Mijatovic, Pavle"]
[Black "Todorovic, Kosta"]
[Result "1/2-1/2"]
[WhiteElo "2029"]
[BlackElo "1983"]
[PlyCount "40"]
[EventDate "2018.09.07"]
[WhiteTeam "SMEDEREVSKI SK - Smederevo"]
[BlackTeam "ARANDJELOVACKI SK - Arandjelovac"]

1. e4 d6 2. Nc3 Nf6 3. Nf3 e5 4. Bc4 Be7 5. d3 O-O 6. Bg5 c6 7. a3 Nbd7 8. O-O
Nc5 9. Re1 a5 10. d4 exd4 11. Qxd4 Be6 12. e5 dxe5 13. Qxd8 Raxd8 14. Bxe6 Nxe6
15. Rxe5 b5 16. Ne4 Nxg5 17. Nfxg5 Nxe4 18. Nxe4 Bd6 19. Nxd6 Rxd6 20. Rae1 g6
1/2-1/2

[Event "Druga liga CS - Zapad 2018"]
[Site "?"]
[Date "2018.09.07"]
[Round "1.3"]
[White "Vujic, Mihailo"]
[Black "Dimitrijevic, Milorad"]
[Result "1/2-1/2"]
[WhiteElo "2327"]
[BlackElo "2229"]
[PlyCount "120"]
[EventDate "2018.09.07"]
[WhiteTeam "LOZNICA GRAD - Loznica"]
[BlackTeam "BAJINA BASTA - Bajina basta"]

1. e4 e5 2. Nf3 Nc6 3. d4 exd4 4. Nxd4 Bc5 5. Nxc6 Qf6 6. Qf3 Qxc6 7. Nc3 Nf6
8. Bd2 O-O 9. Bb5 Qe6 10. O-O-O c6 11. Ba4 h6 12. h3 Qe7 13. g4 d5 14. exd5
Nxd5 15. Ne4 Bb6 16. g5 f5 17. Nc3 Be6 18. gxh6 g6 19. Bb3 Nxc3 20. Bxc3 Bxb3
21. axb3 Rad8 22. Qg3 Kh7 23. Rde1 Qf7 24. Qg5 Rfe8 25. f3 Rd6 26. Rxe8 Qxe8
27. Re1 Re6 28. Rxe6 Qxe6 29. Kb1 Qd6 30. h4 Bd8 31. Qe3 Bf6 32. Bxf6 Qxf6 33.
Qxa7 Qe7 34. Qd4 Kxh6 35. Qh8+ Qh7 36. Qd8 Qf7 37. c4 Kg7 38. Kc2 Kh6 39. Kd3
Qg7 40. Qg5+ Kh7 41. h5 Qd7+ 42. Kc3 gxh5 43. Qxh5+ Kg7 44. Qg5+ Kf8 45. Qf6+
Kg8 46. b4 Kh7 47. Qd4 Qe7 48. Kb3 Kg6 49. Ka4 Kg5 50. b5 c5 51. Qd2+ f4 52. b4
cxb4 53. Qxb4 Qe3 54. Qa3 Kh4 55. c5 Kg3 56. Qxe3 fxe3 57. c6 bxc6 58. bxc6 e2
59. c7 e1=Q 60. c8=Q Qd1+ 1/2-1/2

[Event "Druga liga CS - Zapad 2018"]
[Site "?"]
[Date "2018.09.07"]
[Round "1.3"]
[White "Vasic, Vladimir"]
[Black "Tojagic, Dane"]
[Result "0-1"]
[WhiteElo "2196"]
[BlackElo "2275"]
[PlyCount "84"]
[EventDate "2018.09.07"]
[WhiteTeam "BAJINA BASTA - Bajina basta"]
[BlackTeam "LOZNICA GRAD - Loznica"]

1. e4 e5 2. Nf3 Nf6 3. Nc3 Nc6 4. d4 Bb4 5. Bg5 h6 6. Bxf6 Qxf6 7. dxe5 Nxe5 8.
Nd4 Ng4 9. Qxg4 Qxd4 10. Qf3 O-O 11. Rd1 Qe5 12. Bc4 Bxc3+ 13. bxc3 d6 14. O-O
Be6 15. Bb3 Rae8 16. Rd4 c5 17. Rd5 Bxd5 18. Bxd5 Re7 19. Qd3 b5 20. f4 Qf6 21.
Qg3 Kh8 22. Rd1 a5 23. Bc6 Rc8 24. Bd5 b4 25. c4 Rb8 26. Qf2 a4 27. Bc6 b3 28.
cxb3 axb3 29. axb3 Rxb3 30. e5 dxe5 31. Rd8+ Kh7 32. Qc2+ g6 33. Qxb3 Qxc6 34.
Qe3 Qf6 35. Qxc5 exf4 36. Qd4 Qxd4+ 37. Rxd4 g5 38. c5 Re1+ 39. Kf2 Rc1 40. Rd5
Kg6 41. h4 g4 42. h5+ Kf6 0-1

[Event "Druga liga CS - Zapad 2018"]
[Site "?"]
[Date "2018.09.07"]
[Round "1.3"]
[White "Ristanovic, Miroslav"]
[Black "Kurcubic, Jelenko"]
[Result "1/2-1/2"]
[WhiteElo "2199"]
[BlackElo "2094"]
[PlyCount "23"]
[EventDate "2018.09.07"]
[WhiteTeam "LOZNICA GRAD - Loznica"]
[BlackTeam "BAJINA BASTA - Bajina basta"]

1. d4 d5 2. Nf3 Nf6 3. e3 e6 4. Bd3 Nbd7 5. b3 Bd6 6. Bb2 O-O 7. Nbd2 c5 8. Ne5
Qc7 9. f4 Nb6 10. dxc5 Bxc5 11. Qf3 Bb4 12. O-O-O 1/2-1/2

[Event "Druga liga CS - Zapad 2018"]
[Site "?"]
[Date "2018.09.07"]
[Round "1.3"]
[White "Minic, Miroslav"]
[Black "Markovic, Dragan P"]
[Result "1/2-1/2"]
[WhiteElo "2078"]
[BlackElo "2206"]
[PlyCount "55"]
[EventDate "2018.09.07"]
[WhiteTeam "BAJINA BASTA - Bajina basta"]
[BlackTeam "LOZNICA GRAD - Loznica"]

1. e4 c6 2. b3 d5 3. Bb2 dxe4 4. Nc3 Bf5 5. Nge2 Nf6 6. Ng3 Bg6 7. h4 h5 8. Qe2
e6 9. Ngxe4 Be7 10. O-O-O Nbd7 11. g3 Qa5 12. Kb1 O-O-O 13. Bg2 Nb6 14. Rhe1
Rhe8 15. Nxf6 Bxf6 16. Be4 Bxe4 17. Nxe4 Bxb2 18. Kxb2 Re7 19. Nc3 Red7 20. a3
g6 21. Qe5 Nd5 22. Nxd5 Rxd5 23. Qc3 Qb6 24. Re2 Rd4 25. Rde1 R8d7 26. f4 a6
27. Re5 Kb8 28. Qc5 1/2-1/2

[Event "Druga liga CS - Zapad 2018"]
[Site "?"]
[Date "2018.09.07"]
[Round "1.3"]
[White "Milovanovic, Nenad"]
[Black "Jelisavcic, Srdjan"]
[Result "0-1"]
[WhiteElo "2147"]
[BlackElo "2077"]
[PlyCount "113"]
[EventDate "2018.09.07"]
[WhiteTeam "LOZNICA GRAD - Loznica"]
[BlackTeam "BAJINA BASTA - Bajina basta"]

1. e4 e5 2. Nf3 Nc6 3. Bb5 a6 4. Bxc6 dxc6 5. O-O Bg4 6. d3 Qf6 7. Nbd2 O-O-O
8. Nc4 Bxf3 9. Qxf3 Qe6 10. Qg3 f6 11. f4 exf4 12. Bxf4 Bc5+ 13. Kh1 Rd7 14. a4
g5 15. Bd2 h5 16. Bc3 h4 17. Qf3 h3 18. g3 Rh6 19. Qf5 Qxf5 20. Rxf5 Bd4 21.
Bxd4 Rxd4 22. e5 b5 23. axb5 cxb5 24. Nd2 fxe5 25. Rxg5 Ne7 26. Rxe5 Nc6 27.
Rf5 Nb4 28. Rc1 Rc6 29. Rf8+ Rd8 30. Rxd8+ Kxd8 31. Nb3 Rxc2 32. Rxc2 Nxc2 33.
Kg1 Ne1 34. Nc5 Nf3+ 35. Kh1 Ke7 36. b4 Kd6 37. Nxa6 c6 38. Nc5 Kd5 39. Ne4 Kd4
40. g4 Ne5 41. Nf2 Kc3 42. Nxh3 Nxg4 43. Nf4 Kxb4 44. h4 Kc3 45. Kg2 b4 46. Kf3
b3 47. Ne2+ Kd2 48. Nd4 b2 49. Kxg4 b1=Q 50. Nxc6 Qg1+ 51. Kf4 Qe3+ 52. Kf5
Qf3+ 53. Kg6 Qxc6+ 54. Kg7 Qd5 55. Kg6 Qxd3+ 56. Kh6 Qd6+ 57. Kg7 0-1

[Event "Druga liga CS - Zapad 2018"]
[Site "?"]
[Date "2018.09.07"]
[Round "1.3"]
[White "Mijanovic, Dragan"]
[Black "Osatovic, Aleksandar"]
[Result "0-1"]
[WhiteElo "2040"]
[BlackElo "2169"]
[PlyCount "111"]
[EventDate "2018.09.07"]
[WhiteTeam "BAJINA BASTA - Bajina basta"]
[BlackTeam "LOZNICA GRAD - Loznica"]

1. d4 Nf6 2. Nf3 e6 3. Bg5 h6 4. Bh4 Be7 5. Nbd2 d5 6. e3 O-O 7. Be2 b6 8. O-O
Ba6 9. c4 Nbd7 10. Rc1 c5 11. Qa4 Bb7 12. Rfd1 cxd4 13. Nxd4 Nc5 14. Qc2 Rc8
15. Bf3 Nfe4 16. Bxe7 Qxe7 17. Nxe4 dxe4 18. Be2 Qg5 19. Nb5 Nd3 20. h4 Qg6 21.
Ra1 Nxf2 22. Kxf2 Qf5+ 23. Ke1 Qxb5 24. Qc3 Qc6 25. Qe5 Qe8 26. b3 Qe7 27. g3
Rc5 28. Qd6 Qf6 29. Qd4 Qg6 30. Kf2 Bc8 31. b4 e5 32. Qd6 Qxd6 33. Rxd6 Rc7 34.
a4 Be6 35. a5 bxa5 36. Rxe6 fxe6+ 37. Ke1 axb4 38. Bg4 Re8 39. Ra6 Kf7 40. Kd2
Ree7 41. Be2 Rb7 42. c5 b3 43. Kc1 b2+ 44. Kb1 Rec7 45. c6 Rb6 46. Rxb6 axb6
47. Bb5 Ke7 48. Kxb2 Kd6 49. Kc3 Kc5 50. Ba4 b5 51. Bc2 b4+ 52. Kb2 Rxc6 53.
Bxe4 Ra6 54. Bc2 Ra3 55. Bb3 Rxb3+ 56. Kxb3 0-1

[Event "Druga liga CS - Zapad 2018"]
[Site "?"]
[Date "2018.09.07"]
[Round "1.3"]
[White "Simic, Goran S"]
[Black "Djordjevic, Edita"]
[Result "1/2-1/2"]
[WhiteElo "2068"]
[BlackElo "2030"]
[PlyCount "45"]
[EventDate "2018.09.07"]
[WhiteTeam "LOZNICA GRAD - Loznica"]
[BlackTeam "BAJINA BASTA - Bajina basta"]

1. d4 d5 2. Nf3 Nf6 3. e3 e6 4. Bd3 c5 5. b3 Nc6 6. Bb2 cxd4 7. exd4 Qa5+ 8. c3
Bd6 9. O-O O-O 10. Nbd2 Re8 11. Re1 e5 12. dxe5 Nxe5 13. Nxe5 Bxe5 14. Qc2 Bg4
15. h3 Bh5 16. c4 Bxb2 17. Rxe8+ Rxe8 18. Qxb2 dxc4 19. Nxc4 Qb4 20. Ne3 Qf4
21. Qc2 Bg6 22. Bxg6 hxg6 23. Rd1 1/2-1/2

[Event "Druga liga CS - Zapad 2018"]
[Site "?"]
[Date "2018.09.07"]
[Round "1.3"]
[White "Lazovic, Luka"]
[Black "Gajic, Aleksandar"]
[Result "0-1"]
[WhiteElo "1754"]
[BlackElo "1865"]
[PlyCount "46"]
[EventDate "2018.09.07"]
[WhiteTeam "BAJINA BASTA - Bajina basta"]
[BlackTeam "LOZNICA GRAD - Loznica"]

1. Nf3 d5 2. g3 Nf6 3. Bg2 c5 4. O-O Nc6 5. d3 e6 6. Nc3 d4 7. Nb1 Be7 8. e4
O-O 9. Nbd2 b6 10. a4 Bb7 11. Nc4 a6 12. a5 b5 13. Nb6 Ra7 14. Qe2 Nxa5 15.
Rxa5 Qxb6 16. Bd2 Nd7 17. Ra2 a5 18. b3 Rfa8 19. Rfa1 a4 20. bxa4 Rxa4 21. Rxa4
Rxa4 22. Rxa4 bxa4 23. Qd1 a3 0-1

[Event "Druga liga CS - Zapad 2018"]
[Site "?"]
[Date "2018.09.07"]
[Round "1.4"]
[White "Jovanovic, Miroslav O"]
[Black "Bugarcic, Ivan"]
[Result "1-0"]
[WhiteElo "2096"]
[BlackElo "2184"]
[PlyCount "48"]
[EventDate "2018.09.07"]
[WhiteTeam "ZUPA - Aleksandrovac"]
[BlackTeam "IVANJICA- Ivanjica"]

1. d4 Nf6 2. c4 e6 3. Nf3 Bb4+ 4. Bd2 Qe7 5. Qc2 b6 6. e4 Bb7 7. Bd3 d5 8. e5
dxc4 9. exf6 cxd3 10. Qa4+ Bc6 11. Bxb4 Qxf6 12. Qd1 a5 13. Bc3 Qg6 14. Nbd2
Nd7 15. g3 h5 16. h3 Bd5 17. Rg1 Qf5 18. h4 f6 19. Nh2 g5 20. Nhf1 gxh4 21. Ne3
Qg6 22. Nxd5 exd5 23. Qf3 O-O-O 24. O-O-O h3 1-0

[Event "Druga liga CS - Zapad 2018"]
[Site "?"]
[Date "2018.09.07"]
[Round "1.4"]
[White "Naskovic, Filip"]
[Black "Jovanovic, Obrad"]
[Result "1-0"]
[WhiteElo "2197"]
[BlackElo "2077"]
[PlyCount "65"]
[EventDate "2018.09.07"]
[WhiteTeam "IVANJICA- Ivanjica"]
[BlackTeam "ZUPA - Aleksandrovac"]

1. e4 c5 2. c3 d5 3. exd5 Qxd5 4. d4 Nc6 5. Nf3 Nf6 6. Na3 cxd4 7. Nb5 Qd8 8.
Nbxd4 Nxd4 9. Qxd4 Qxd4 10. Nxd4 a6 11. Be2 e5 12. Nf3 Bd6 13. O-O O-O 14. Rd1
Bc7 15. Bg5 Ne4 16. Bh4 Be6 17. Bd3 Nc5 18. Bc2 f6 19. b4 Nd7 20. Bb3 Bxb3 21.
Rxd7 Ba4 22. Rxc7 Bc6 23. Ne1 Rfd8 24. f3 Rd2 25. a4 Rad8 26. b5 Bd5 27. c4 Be6
28. Rxb7 Bxc4 29. Rc1 Bd5 30. Ra7 axb5 31. axb5 g5 32. Bf2 Bf7 33. b6 1-0

[Event "Druga liga CS - Zapad 2018"]
[Site "?"]
[Date "2018.09.07"]
[Round "1.4"]
[White "Djukic, Sinisa"]
[Black "Kolarevic, Darko"]
[Result "1/2-1/2"]
[WhiteElo "2039"]
[BlackElo "2163"]
[PlyCount "96"]
[EventDate "2018.09.07"]
[WhiteTeam "ZUPA - Aleksandrovac"]
[BlackTeam "IVANJICA- Ivanjica"]

1. d4 Nf6 2. Nf3 g6 3. Bg5 Bg7 4. e3 O-O 5. Nbd2 d5 6. Bxf6 Bxf6 7. c3 Nd7 8.
e4 dxe4 9. Nxe4 Bg7 10. g3 e5 11. dxe5 Qe7 12. Bg2 Nxe5 13. Nxe5 Qxe5 14. O-O
Bf5 15. Re1 Rad8 16. Qb3 b6 17. Rad1 Rxd1 18. Qxd1 Qa5 19. a3 Qb5 20. Qd2 a5
21. Bf1 Qc6 22. Bg2 Qb5 23. Bf1 Qb3 24. Qc1 h5 25. h4 b5 26. Qd2 b4 27. axb4
axb4 28. cxb4 Qxb2 29. Qxb2 Bxb2 30. Ng5 Bf6 31. Bc4 Kg7 32. b5 Bd7 33. Rd1 Bf5
34. Re1 Bd7 35. Rd1 Bf5 36. Re1 Bxg5 37. hxg5 Rd8 38. Re7 Rd7 39. Rxd7 Bxd7 40.
f4 Kf8 41. Kf2 Ke7 42. Ke3 Be6 43. Bd3 Kd6 44. Kd4 Bd5 45. Bc4 Be6 46. Bd3 Bd7
47. Bc4 Be6 48. Bd3 Bd7 1/2-1/2